000 00463nab a2200145 4500
003 ES-SlBCS
005 20210327231206.0
008 141106s2014 br ||||| |||| 00| 0 eng d
040 _aES-SlBCS
_bspa
100 1 _aMegale, Claudia
_9406950
245 1 4 _aThe new "Ratio Studiorum"
_b: Vico contra Arnauld
_cClaudia Megale
650 0 4 _aLógica
_914736
773 0 _gVol. 28, Nº 56, 2014, págs. 841-856
_tEducaçao e Filosofia
_wRev1534
_x0102-6801
942 _2lcc
_cAR
999 _c849506
_d849506